Thinking back on Cuba's future: the logic of patria /
En 1959 la propuesta de la nación cubana, con sus raíces en la noción de patria del siglo XIX, se fusionó con el propósito de revolución, enlazando el valor del nacionalismo con la virtud de la soberanía territorial. Este legado, más que cualquier otra cosa, explica la habilidad de Cuba para perseve...
Guardat en:
| Autor principal: | |
|---|---|
| Format: | Text |
| Matèries: | |
| Etiquetes: |
Afegir etiqueta
Sense etiquetes, Sigues el primer a etiquetar aquest registre!
|
MARC
| LEADER | 00000 a a2200000 04500 | ||
|---|---|---|---|
| 001 | 10087 | ||
| 003 | |||
| 040 | |||
| 100 | |a Pérez, Louis A. | ||
| 245 | |a Thinking back on Cuba's future: the logic of patria / |c Louis A. Pérez | ||
| 520 | |a En 1959 la propuesta de la nación cubana, con sus raíces en la noción de patria del siglo XIX, se fusionó con el propósito de revolución, enlazando el valor del nacionalismo con la virtud de la soberanía territorial. Este legado, más que cualquier otra cosa, explica la habilidad de Cuba para perseverar sobre medio siglo de sanciones económicas | ||
| 650 | |a IDENTIDAD NACIONAL | ||
| 650 | |a NACIONALISMO | ||
| 650 | |a IDENTIFICACION | ||
| 650 | |a REVOLUCION | ||
| 650 | |a SOBERANIA | ||
| 650 | |a AUTODETERMINACION | ||
| 650 | |a REPRESION | ||
| 650 | |a CONDICIONES ECONOMICAS | ||
| 650 | |a INTERVENCION EXTRANJERA | ||
| 650 | |a RELACIONES ECONOMICAS INTERNACIONALES | ||
| 650 | |a HISTORIA POLITICA | ||
| 650 | |a CUBA | ||
| 773 | |g volumen 42, número 2; páginas 12-17 | ||
| 999 | |c 25447 |d 25447 | ||
